| 000 | 01132nam a2200325 a 4500 | ||
|---|---|---|---|
| 999 |
_c7995 _d7995 |
||
| 001 | 991038327129706706 | ||
| 003 | OSt | ||
| 005 | 20241218112943.0 | ||
| 008 | 070320s2005 spca || 001 ||cat | ||
| 015 |
_aLL2007 _2bnc |
||
| 017 |
_aDL B. 26784-2005 _bBiblioteca de Catalunya |
||
| 020 | _a8486441854 | ||
| 035 | _a(ES-BaCBU).b34813044 | ||
| 035 | _a(OCoLC)803622927 | ||
| 040 |
_aES-BaBC _bcat _cCDMR |
||
| 043 |
_ae-sp--- _be-spc-- _2catmarc |
||
| 080 | _a061(467.1)(091) | ||
| 100 | 1 | _aBaltà, Pere. | |
| 245 | 1 | 2 |
_aL'Altra resistència : _bl'associacionisme cultural català i la lluita per les llibertats democràtiques / _cPere Baltà |
| 260 |
_aBarcelona : _bRúbrica, _cDL 2005 |
||
| 300 |
_a368 p. : _bil. ; _c20 cm |
||
| 490 | 1 |
_aCròniques de la memòria ; _v18 |
|
| 650 | 7 |
_aFranquisme _zCatalunya _yAspectes socials. _2lemac |
|
| 651 | 7 |
_aCatalunya _xHistòria _y1939-1975 _2lemac |
|
| 830 | 0 |
_aCròniques de la memòria ; _v18 |
|
| 907 |
_a.b34813044 _b17-06-21 _c09-05-08 _d07-05-08 _em _fa _g- _hcat _ispc _j2 _k7 |
||
| 908 |
_aAHCB _aBAB _aBC _aUAB _aUB _aUPF _aGCCult _aGEPA _aCHCC |
||
| 940 | _aBC | ||
| 942 |
_2udc _cMON |
||